banner koha

Sistema reprodutivo atípico de duas espécies de Rubiaceae: distilia com autoincompatibilidade parcial no morfo brevistilo? (Registro n. 330638)

MARC details
000 -LÍDER
fixed length control field 04691nab a2200313 i 4500
003 - CÓDIGO MARC DA AGÊNCIA CATALOGADORA
Campo de controle BR-BrBNA
005 - DATA E HORA DA ÚLTIMA ATUALIZAÇÃO
Campo de controle 20250325110216.0
008 - CAMPO DE TAMANHO FIXO
fixed length control field 250325b2016 bl.qr|pooa||| 00| 0 por |
040 ## - FONTE DA CATALOGAÇÃO
Agência catalogadora BR-BrBNA
Idioma da catalogação por
072 ## - CATEGORIA AGRIS
Código AGRIS F63
100 ## - ENTRADA PRINCIPAL - NOME PESSOAL
Nome pessoal Matias, Raphael
100 ## - ENTRADA PRINCIPAL - NOME PESSOAL
Nome pessoal Oliveira, Alexandre Silva de
100 ## - ENTRADA PRINCIPAL - NOME PESSOAL
Nome pessoal Furtado, Marco Túlio
100 ## - ENTRADA PRINCIPAL - NOME PESSOAL
Nome pessoal Sá, Túlio
100 ## - ENTRADA PRINCIPAL - NOME PESSOAL
Nome pessoal Rodrigues, Ebenézer Barbosa
100 ## - ENTRADA PRINCIPAL - NOME PESSOAL
Nome pessoal Oliveira, Paulo Eugênio de
100 ## - ENTRADA PRINCIPAL - NOME PESSOAL
Nome pessoal Consolaro, Hélder
245 ## - TÍTULO PRINCIPAL
Título principal Sistema reprodutivo atípico de duas espécies de Rubiaceae: distilia com autoincompatibilidade parcial no morfo brevistilo?
500 ## - NOTA GERAL
Nota geral Publicação on-line; Bibliography p. 366-368 (52 ref.); 2 tables; 2 illus.; Summaries (En, Pt)
942 ## - ADDED ENTRY ELEMENTS (KOHA)
Koha item type Analítica
520 ## - NOTA DE RESUMO
Nota de conteúdo <br/><br/>Resumo<br/><br/>Espécies distílicas possuem populações com dois morfos florais. O morfo longistilo possui flores com pistilos longos e<br/>estames curtos e o morfo brevistilo, pistilos curtos e estames longos. Normalmente, os morfos apresentam um sistema<br/>heteromórfico de incompatibilidade e os morfos estão em uma razão de 1:1 (isopletia) nas populações. Diferentes<br/>variações podem ser encontradas em espécies distílicas, como a presença de autocompatibilidade, anisopletia e<br/>variações no nível de reciprocidade entre anteras e estigmas dos dois morfos. O objetivo desse trabalho foi investigar<br/>a ocorrência das características distílicas em duas espécies de Rubiaceae. Para isso, a razão dos morfos, a hercogamia<br/>recíproca, o sistema de incompatibilidade e os visitantes florais de Psychotria deflexa e Declieuxia fruticosa foram<br/>estudados. Ambas as espécies apresentaram os dois morfos em proporção semelhante, altos valores de reciprocidade<br/>entre a altura dos verticilos sexuais dos morfos florais e apenas insetos como visitantes florais. O morfo brevistilo<br/>das duas espécies apresentou autoincompatibilidade parcial. Dentro de Rubiaceae, mesmo em grupos filogenéticos<br/>distintos, o relaxamento ou quebra da distilia parece ocorrer em padrões similares e comumente tal variação é mais<br/>comum no morfo longistilo. Para as espécies estudadas, mesmo com a pseudocompatibilidade do morfo brevistilo,<br/>as populações apresentaram proporção igual dos morfos, indicando que fatores como a alta hercogamia recíproca<br/>e, possivelmente, o serviço de polinização podem promover a manutenção da isopletia característica da distilia.<br/><br/>Palavras-chave: heterostilia, isopletia, polimorfismo floral, polinização, sistema de incompatibilidade.<br/><br/><br/><br/><br/><br/>Abstract<br/><br/>Distylous species have populations with two floral morphs. The pin morph has long pistils and short stamens while<br/>the thrum morph presents short pistils and long stamens. Usually heterostylous plants present a diallelic system of<br/>incompatibility and morphs occur in a 1:1 ratio (isoplethy) in the populations. Different forms of variations occur in<br/>distylous species, such as the presence of self-compatibility, anisoplethy and variation in the reciprocity level between<br/>anthers and stigmas of the two floral morphs. The aim of this study was to investigate the occurrence of the distylous<br/>characteristics in two Rubiaceae species. For this purpose, morph ratio, reciprocal herkogamy, incompatibility system<br/>and flower visitors of Psychotria deflexa and Declieuxia fruticosa were studied. Both species have the two floral<br/>morphs in equal ratio, high reciprocity values for height of the reproductive whorls of the floral morphs and were<br/>visited only by insects. However, the thrum morph on both species presented partial self-incompatibility. Within the<br/>Rubiaceae, even in distinct phylogenetic groups, weakening or breakdown of distyly seems to occur in similar patterns,<br/>but deviations in the incompatibility system have been mostly recorded for the pin morph of distylous species. In the<br/>studied species the populations had equal morph ratio despite the pseudocompatibility of the thrum morph, which<br/>indicates that factors such as high reciprocal herkogamy and possibly efficient pollination services could promote the<br/>maintenance of distyly in these species.<br/><br/>Key words: heterostyly, isoplethy, floral polymorphism, pollination, incompatibility system.
650 ## - ASSUNTO - THESAGRO
Cabeçalho tópico ou nome geográfico POLIFORMISMO
650 ## - ASSUNTO - THESAGRO
Cabeçalho tópico ou nome geográfico POLINIZAÇÃO
650 ## - ASSUNTO - THESAGRO
Cabeçalho tópico ou nome geográfico REPRODUÇÃO VEGETAL
650 ## - ASSUNTO - THESAGRO
Cabeçalho tópico ou nome geográfico RUBIACEAE
773 0# - ENTRADA ANALÍTICA
Host Biblionumber 709
Registro do item 349362
Imprenta Rio de Janeiro-RJ Jardim Botanico do Rio de Janeiro 1935
Outro identificador 2025-1881
Título Rodriguésia (Brazil)
ISSN 0370-6583; 2175-7860 on-line
Colação v. 67(2) p. 357-368; (2016)
Número de controle de registro BR2025000307
856 ## - ACESSO E ENDEREÇO ELETRÔNICO
Identificador uniforme de recurso - URI https://www.scielo.br/j/rod/a/gC3V8hzxbyHjn4C5vfRGLsd/?format=pdf&lang=pt

Nenhum exemplar disponível.

BINAGRI

Telefone: (61)3218-2567/2388/3357/2097 - binagri@agro.gov.br

Ministério da Agricultura e Pecuária , Esplanada dos Ministérios, Bloco D, Anexo B, Brasília/DF, CEP: 70.043-900